000 00920nac a22002897a 4500
001 BR8301837
003 BR-BrBNA
005 20240105115647.0
008 230509b bl.|||m| |||| 00| 0 por d
040 _aBR-BrBNA
_bpor
_cBiblioteca Nacional de Agricultura
072 _aH20
090 _a2430 BR8301837
100 1 _aBenchimol, R.L.
110 1 _aFaculdade de Ciencias Agrarias do Para, Belem (Brasil)
245 1 _aOcorrencia de Microcyclus ulei (P. Henn)V. Arx. em viveiro de seringueira em Acailandia, Maranhao [mal das folhas, fungo, Brasil]
260 3 _aBelem, PA (Brasil):
_c1983.
300 _a4 p.
490 _aFCAP. Nota Previa (Brazil)
_vno. 3
_x
650 _aSERINGUEIRA
650 _aFUNGO
650 _aFUNGICIDA SISTEMICO
650 _aMAL DAS FOLHAS
650 _aCONTROLE QUIMICO
650 _aMARANHAO
909 _a202312
_bLúcia Elande
_c55
_dLúcia Elande
942 _2AGRIS
_n0
_cMS
999 _c275794
_d275794